| 000 | 00523nam a2200169 a 4500 | ||
|---|---|---|---|
| 001 | 000032282 | ||
| 005 | 20200930063602.0 | ||
| 008 | 110714s1941 ht 000 0 spa d | ||
| 040 |
_aDO-SdBNP _bspa _cBNPHU |
||
| 041 | 1 |
_afre _bspa |
|
| 100 | 1 |
_aMorisseau-Leroy, F. _958322 |
|
| 245 | 1 | 0 |
_aLe destin des caraibes = _bEl destino del Caribe / _cF. Morisseau-Leroy. |
| 246 | 1 | 2 | _aEl destino del Caribe |
| 260 |
_aPort-au-Prince, Haití : _bAvril, _c1941. |
||
| 300 |
_a107 p. ; _c20 cm. |
||
| 500 | _aTexto en francés y español | ||
| 999 |
_c31773 _d31773 |
||